000 00812nam a2200241 i 4500
001 9978
003 ES-MaACL
005 20250827062555.0
008 940707s1994 sp l |||| | spa d
020 _a84-470-0318-3
080 _a35(46)(094.4)
110 1 _aEspaña
_93622
243 0 0 _aLeyes, etc., de administración pública
245 1 0 _aCódigo de las leyes administrativas /
_c[recopiladas y anotadas por] Eduardo García de Enterría, José A. Escalante.
250 _a9ª ed., act. a enero de 1994.
260 _aMadrid :
_bCivitas,
_c1994.
300 _a3363 p. ;
_c24 cm.
650 7 _aDerecho administrativo-
_zEspaña
_2
_9145992
700 1 _aGarcía de Enterría, Eduardo.
_954425
700 1 _aEscalante, José A.
_947466
852 _aES-MaACL
_jL-8118
999 _c9978
_d9978